Представление документа в формате RUSMARC

ПолеНазваниеЗначение
  Тип записи a
  Библиографический уровень m
001 Контрольный номер Book/3073
005 Дата корректировки 20240209174419.5
010 Индекс ISBN __
a ISBN 5-699-09620-5
b Уточнения в пер.
d Цена 241 р. 00 к.
9 Тираж 3 000 экз.
090 Данные записи __
a Состояние записи 65.012
b Тип записи Книги
c Язык записи Русский
d Отрасль знаний (КСУ) Другая
e Секретность Несекретно
g Вид записи Монография (однотомник)
x Дата передачи записи для обработки С21
100 Данные общей обработки __
a Данные общей обработки 20091201d2013 u u 1rusy ||||ca
101 Язык документа 0_
a Язык текста rus
105 Кодированные данные (монография) __
a Кодированные данные (монография) a z 000yy
200 Заглавие и сведения об ответственности 1_
a Заглавие Микроэкономика
e Сведения, относящиеся к заглавию введение в микроэкономику
e Сведения, относящиеся к заглавию тесты и задачи
f Первые сведения об ответственности М.В. Сафрончук
210 Выходные данные 1_
a Место издания Москва
c Издательство ЭКСМО
d Дата издания 2006
215 Физическое описание __
a Объем 256 с.
225 Серия 1_
a Серия Высшее экономическое образование
300 Общие примечания __
a Общие примечания Ограничения по возрасту - 16+
606 Тематические рубрики 0_
a Основная рубрика Микроэкономика
610 Ключевые слова 0_
a Ключевые слова экономика
a Ключевые слова микроэкономика
a Ключевые слова тесты
a Ключевые слова задачи
a Ключевые слова введение в микроэкономику
686 Индексы других классификаций __
a Классификационный индекс 65.012.1
2 Код системы rubbk
700 Автор _1
a Фамилия Сафрончук
b Имя (инициалы) М. В.
801 Источник записи _0
a Страна RU
b Организация МБУК ЦБС г. Ульяновска
c Дата составления 20091201
801 Источник записи _1
a Страна RU
b Организация МБУК ЦБС г. Ульяновска
c Дата составления 20091201
899 Данные о местонахождении __
3 Книга № 4916
a Местонахождение 1 ф
i Авторский знак С21
j Расстановочный фильтр 65.012
d Название фонда Инв.книга №1
q Состояние Свободно
x Инвентарный номер 134860
899 Данные о местонахождении __
3 Книга № 4917
a Местонахождение 3 ф
i Авторский знак С21
d Название фонда Инв.книга №1
h Классификационная часть РШ 65.012
q Состояние Свободно
x Инвентарный номер 134860
899 Данные о местонахождении __
3 Книга № 4918
a Местонахождение 12 ф
i Авторский знак С21
d Название фонда Инв.книга №1
h Классификационная часть РШ 65.012
q Состояние Свободно
x Инвентарный номер 134860
899 Данные о местонахождении __
3 Книга № 4919
a Местонахождение 18 ф
i Авторский знак С21
d Название фонда Инв.книга №1
h Классификационная часть РШ 65.012
q Состояние Свободно
x Инвентарный номер 134860
901 Тип документа __
t Тип документа m
910 Корректоры записи __
a Корректор записи Зотова